Southville International School and Colleges
Your cart is empty.
  • Cart
  • Lists
    Public lists Eva Luna New books Lux_list list_1
    Your lists Log in to create your own lists
  • Log in to your account
  • Your cookies
  • Search history
Southville International School and Colleges
  • Advanced search
  • Recent comments
  • Most popular
  • Libraries

Log in to your account

Log in with GOOGLE


If you do not have an external account, but do have a local account, you can still log in:

  1. Home
  2. MARC view: Overseas Americans :
Normal view MARC view ISBD view

Overseas Americans : (Record no. 6830)

[ view plain ]
MARC details
000 -LEADER
fixed length control field 01434cam a2200361 a 4500
001 - CONTROL NUMBER
control field 12735793
003 - CONTROL NUMBER IDENTIFIER
control field OSt
005 - DATE AND TIME OF LATEST TRANSACTION
control field 20140310181917.0
008 - FIXED-LENGTH DATA ELEMENTS--GENERAL INFORMATION
fixed length control field 020410s2001 cou 000 0 eng d
010 ## - LIBRARY OF CONGRESS CONTROL NUMBER
LC control number 2002279783
020 ## - INTERNATIONAL STANDARD BOOK NUMBER
International Standard Book Number 1581602596
035 ## - SYSTEM CONTROL NUMBER
System control number (OCoLC)ocm49055210
040 ## - CATALOGING SOURCE
Original cataloging agency GZM
Transcribing agency GZM
Modifying agency DLC
042 ## - AUTHENTICATION CODE
Authentication code lccopycat
050 00 - LIBRARY OF CONGRESS CALL NUMBER
Classification number HF 5382.56
Item number .B386 2001
082 00 - DEWEY DECIMAL CLASSIFICATION NUMBER
Classification number TR 650.14
Item number B38 2001
100 1# - MAIN ENTRY--PERSONAL NAME
Personal name Beaver, William.
9 (RLIN) 1188
245 10 - TITLE STATEMENT
Title Overseas Americans :
Remainder of title the essential guide to living and working abroad /
Statement of responsibility, etc William Beaver.
260 ## - PUBLICATION, DISTRIBUTION, ETC. (IMPRINT)
Place of publication, distribution, etc Boulder, Colo. :
Name of publisher, distributor, etc Paladin Press,
Date of publication, distribution, etc c2001.
300 ## - PHYSICAL DESCRIPTION
Extent 163 p. ;
Dimensions 28 cm.
521 ## - TARGET AUDIENCE NOTE
Target audience note
541 ## - IMMEDIATE SOURCE OF ACQUISITION NOTE
-- 1
562 ## - COPY AND VERSION IDENTIFICATION NOTE
Number of copies 1
650 #0 - SUBJECT ADDED ENTRY--TOPICAL TERM
Topical term or geographic name as entry element Americans
General subdivision Employment
Geographic subdivision Foreign countries.
9 (RLIN) 1189
650 #0 - SUBJECT ADDED ENTRY--TOPICAL TERM
Topical term or geographic name as entry element Employment in foreign countries.
9 (RLIN) 1190
650 #0 - SUBJECT ADDED ENTRY--TOPICAL TERM
Topical term or geographic name as entry element Americans
Geographic subdivision Foreign countries.
9 (RLIN) 1191
856 42 - ELECTRONIC LOCATION AND ACCESS
Materials specified Contributor biographical information
Uniform Resource Identifier <a href="http://www.loc.gov/catdir/enhancements/fy0741/2002279783-b.html">http://www.loc.gov/catdir/enhancements/fy0741/2002279783-b.html</a>
856 42 - ELECTRONIC LOCATION AND ACCESS
Materials specified Publisher description
Uniform Resource Identifier <a href="http://www.loc.gov/catdir/enhancements/fy0741/2002279783-d.html">http://www.loc.gov/catdir/enhancements/fy0741/2002279783-d.html</a>
856 41 - ELECTRONIC LOCATION AND ACCESS
Materials specified Table of contents only
Uniform Resource Identifier <a href="http://www.loc.gov/catdir/enhancements/fy0741/2002279783-t.html">http://www.loc.gov/catdir/enhancements/fy0741/2002279783-t.html</a>
906 ## - LOCAL DATA ELEMENT F, LDF (RLIN)
a 7
b cbc
c copycat
d 2
e ncip
f 20
g y-gencatlg
942 ## - ADDED ENTRY ELEMENTS (KOHA)
Source of classification or shelving scheme Library of Congress Classification
Koha item type
Call number prefix
Holdings
Withdrawn status Lost status Source of classification or shelving scheme Damaged status Home library Current library Shelving location Date acquired Total Checkouts Full call number Barcode Date last seen Copy number Price effective from Koha item type
    Library of Congress Classification   Luxembourg Library Luxembourg Library Teachers Reference Section 07/17/2013   HF 5382.56 .B386 2001 16691 08/13/2013 1 07/17/2013 Books

Overseas Americans :

APA

Beaver W., . (2001). Overseas Americans. Boulder, Colo: Paladin Press.

Chicago

Beaver William, . 2001. Overseas Americans. Boulder, Colo: Paladin Press.

Harvard

Beaver W., . (2001). Overseas Americans. Boulder, Colo: Paladin Press.

MLA

Beaver William, . Overseas Americans. Boulder, Colo: Paladin Press. 2001.

  • Place hold
  • Print
  • Cite
  • Add to your cart (remove)
  • Save record
    BIBTEX Dublin Core MARCXML MARC (non-Unicode/MARC-8) MARC (Unicode/UTF-8) MARC (Unicode/UTF-8, Standard) MODS (XML) RIS
  • More searches
    Search for this title in:
    Other Libraries (WorldCat) Other Databases (Google Scholar) Online Stores (Bookfinder.com) Open Library (openlibrary.org)

Exporting to Dublin Core...

SOUTHVILLE LIBRARY

Southville International School and Colleges Library

1281 Tropical Ave. Cor. Luxembourg St., BF Homes International, Las Pinas City

Tel. No. 8256374 / 252358 Loc. 117/146

Powered by Koha